000 00987cam a22002897a 4500
001 17279972
005 20201128020937.0
008 120430s2012 xxkadk frb f001 0 eng d
020 _a9781107015838 (hbk.)
020 _a1107015839 (hbk.)
020 _a9781107601963 (pbk.)
020 _a1107601967 (pbk.)
040 _aEG-ScBUE
082 0 0 _a621.3822
_222
_bMOS
100 1 _aMoser, Stefan M.
_931415
245 1 2 _aA student's guide to coding and information theory /
_cStefan M. Moser, Po-Ning Chen.
260 _aCambridge, United Kingdom ;
_aNew York, United States :
_bCambridge University Press,
_c2012.
300 _axiii, 191 p. :
_bchats, forms, tables ;
_c23 cm.
500 _aIndex : p. 187-191.
504 _aBibliography : p. 183-185.
650 0 _aCoding theory
_92636
650 0 _aInformation theory
_93495
653 _bENGELC
_cNovember2012
_cJanuary2015
655 _vreading book
_934232
700 1 _aChen, Po-Ning
_931420
942 _2ddc
_cBB
_k621.3822 MOS
999 _c17098
_d17070